How to invest in a volatile stock market : (Record no. 9154)
[ view plain ]
| 000 -LEADER | |
|---|---|
| fixed length control field | 00621cam a22001932 4500 |
| 001 - CONTROL NUMBER | |
| control field | 0000019990 |
| 005 - DATE AND TIME OF LATEST TRANSACTION | |
| control field | 20151217152206.0 |
| 008 - FIXED-LENGTH DATA ELEMENTS--GENERAL INFORMATION | |
| fixed length control field | 110415s xx 000 0 eng d |
| 020 ## - INTERNATIONAL STANDARD BOOK NUMBER | |
| International Standard Book Number | 9966788042 : |
| Terms of availability | KES |
| 040 ## - CATALOGING SOURCE | |
| Original cataloging agency | KABU |
| Transcribing agency | KABU |
| 100 1# - MAIN ENTRY--PERSONAL NAME | |
| Personal name | Kiunga, Murori. |
| -- | 0000159570 |
| 245 10 - TITLE STATEMENT | |
| Title | How to invest in a volatile stock market : |
| Remainder of title | "the wise do at the beginning, what fools do at the end" / |
| Statement of responsibility, etc. | Murori Kiunga. |
| 260 ## - PUBLICATION, DISTRIBUTION, ETC. (IMPRINT) | |
| Place of publication, distribution, etc. | Nairobi : |
| Name of publisher, distributor, etc. | Queenex, |
| Date of publication, distribution, etc. | 2008. |
| 300 ## - PHYSICAL DESCRIPTION | |
| Extent | 95 p. |
| 650 #0 - SUBJECT ADDED ENTRY--TOPICAL TERM | |
| Topical term or geographic name as entry element | Stock exchanges. |
| -- | 0000152664 |
| 852 1# - LOCATION | |
| -- | p350 KES |
| 908 ## - PUT COMMAND PARAMETER (RLIN) | |
| Put command parameter | 110415 |
| 950 ## - LOCAL HOLDINGS (RLIN) | |
| -- | 1 |
| Withdrawn status | Lost status | Source of classification or shelving scheme | Not for loan | Home library | Current library | Date acquired | Total Checkouts | Full call number | Barcode | Date last seen | Price effective from | Koha item type |
|---|---|---|---|---|---|---|---|---|---|---|---|---|
| Library of Congress Classification | Kabarak, Main Campus | Kabarak, Main Campus | 17/12/2015 | HG4551 .K58 2008 c. 1 | 21916 | 17/12/2015 | 17/12/2015 | General Collection |